Statistics for Actresses with Most Academy Awards

Click here to take the quiz!

General Stats

  • This quiz has been taken 1,401 times
    (1,380 since last reset)
  • The average score is 9 of 19

Answer Stats

No of AwardsActresses% Correct
3 (1979, 1982, 2011)Meryl Streep
98%
4 (1933, 1967, 1968, 1981)Katharine Hepburn
93%
2 (1935, 1938)Bette Davis
65%
2 (1960, 1966)Elizabeth Taylor
59%
2 (1939, 1951)Vivien Leigh
59%
2 (1999, 2004)Hilary Swank
56%
2 (1971, 1978)Jane Fonda
55%
2 (1988, 1991)Jodie Foster
55%
2 (2004, 2013)Cate Blanchett
54%
2 (1979, 1984)Sally Field
54%
3 (1944, 1956, 1974)Ingrid Bergman
51%
2 (1969, 1978)Maggie Smith
40%
2 (1982, 1994)Jessica Lange
39%
2 (1946, 1949)Olivia de Havilland
39%
2 (1970, 1973)Glenda Jackson
32%
2 (1936, 1937)Luise Rainer
25%
2 (1931, 1970)Helen Hayes
24%
2 (1986, 1994)Dianne Wiest
22%
2 (1959, 1965)Shelley Winters
14%

Score Distribution

Percentile by Number Answered

Percent of People with Each Score

Your Score History

You have not taken this quiz since the last reset